Pokročilé dátové štruktúry využívané v robotike

Gespeichert in:
Bibliographische Detailangaben
1. Verfasser: Ablazov, Yehor (Verfasst von)
Weitere Verfasser: Dekan, Martin (Betreuung Doktorarbeit)
Format: Manuskript Buch
Sprache:Slowakisch
Veröffentlicht: Bratislava : STU v Bratislave FEI, 2025
Schlagworte:
Online-Zugang:https://opac.crzp.sk/?fn=detailBiblioFormChildAV3Q6&sid=BA75C2D62745AD5727E8969ED92F&seo=CRZP-detail-kniha
Tags: Tag hinzufügen
Keine Tags, Fügen Sie das erste Tag hinzu!

MARC

LEADER 00000ntm a22000003a 4500
001 stuzp102232
003 SK-STU
005 20260209141107.4
007 ta
008 150427s2015----xo-----f-mn---000-0-slo-d
040 |a STU  |b slo 
041 0 |a slo 
044 |a xo 
100 1 |a Ablazov, Yehor  |u 031000  |4 aut  |U FEI Fakulta elektrotechniky a informatiky  |T FEI Ústav robotiky a kybernetiky  |X 122309  |U E011  |Y 356  |7 122309 
242 0 1 |a Advanced Data Structures Used in Robotics  |y eng 
245 1 0 |a Pokročilé dátové štruktúry využívané v robotike 
260 |a Bratislava :  |b STU v Bratislave FEI,  |c 2025 
300 |a 73 s. 
650 4 |a mračno bodov  |2 slo 
650 4 |a C++  |2 slo 
650 4 |a PCL  |2 slo 
650 4 |a hešovanie voxelov  |2 slo 
650 4 |a dátová štruktúra  |2 slo 
650 4 |a point cloud  |2 eng 
650 4 |a C++  |2 eng 
650 4 |a PCL  |2 eng 
650 4 |a voxel hashing  |2 eng 
650 4 |a data structure  |2 eng 
700 1 |a Dekan, Martin  |u 031000  |k Z1  |4 ths  |U FEI Fakulta elektrotechniky a informatiky  |T FEI Ústav robotiky a kybernetiky  |X 16569  |U E011  |Y 356  |7 A000016569 
856 4 |u https://opac.crzp.sk/?fn=detailBiblioFormChildAV3Q6&sid=BA75C2D62745AD5727E8969ED92F&seo=CRZP-detail-kniha